000 00822nam a2200253 i 4500
001 3176
003 BD-RjUL
005 20211208233705.0
008 131218s1980 ii b 001 0 eng d
035 _a(BD-RjUL)3210
040 _aDLC
_cDLC
_dDLC
_dBD-RjUL
_beng
041 _aeng
082 0 0 _a332.71095487
_bRAA 1980
100 1 _aRao, Vemuri Ganapathi,
_d1945-
_910056
245 1 0 _aAgricultural finance by commercial banks /
_cby V.G. Rao, Paramjit Malya.
260 _aNew Delhi :
_bAshish,
_c1980.
300 _axv, 220 p. ;
_c21 cm.
504 _aBibliography: p. 215-[218]
650 0 _aAgricultural credit
_zIndia
_zSouth Kanara.
_910057
650 0 _aAgriculture
_xEconomic aspects
_zIndia
_zSouth Kanara.
_910058
700 1 _aMalya, Paramjit,
_ejoint author.
_910059
942 _2ddc
_cBK
999 _c3176
_d3176